000 00717nam a2200289Ia 4500
005 20260324133301.0
008 008 260324s9999 xx 000 0 eng d
020 _a9781315191980
037 _aEBOOK
040 _aCRL
040 _beng
040 _cCRL
041 _2eng
041 _aeng
084 _qCRL
100 _aHans Skifter Andersen
_91192505
245 0 _aUrban Sores
245 0 _bOn the Interaction between Segregation, Urban Decay and Deprived Neighbourhoods
260 _bTaylor and Francis
260 _c2003
365 _a
365 _b205
856 _uhttp://www.taylorfrancis.com/books/9781315191980
942 _cEBOOK
999 _c1791403
_d1791403